000 00574nam a22001457a 4500
005 20250207084252.0
008 241106b |||||||| |||| 00| 0 eng d
100 _aMonteleone, Davide.
_eauthor.
_963676
245 _aZurich, Switzerland :
_bmaking fuel from thin air /
_cDavide Monteleone.
260 _aWashington ;
_bNational Geographic Partners, LLC.,
_cDecember 2022.
300 _avolume 241, pages 62-63,
_billustration.
500 _aNational Geographic, v. 242, n. 12, pages 62-63, December 2022.
700 _aMonteleone, Davide.
_eauthor.
_963675
942 _2ddc
_cPER
999 _c23032
_d23032